000 00239 a2200097 4500
001 16314
100 _aS A E
245 _aCriteria for current and advanced aircraft Hydraulics Tubing SP-378
260 _a
_bS A E
_c
090 _c12487
_d12487
942 _aNUST-CAE
_cM
_c2766
999 _c251387
_d251387